Is That a City in Iceland or Wales? - Statistics

General Stats
  • This quiz has been taken 44 times
  • The average score is 18 of 20
Answer Stats
Hint Answer % Correct
Kjalkafjardartungur Iceland
98%
Stykkisholmur Iceland
98%
Saudarkrokur Iceland
98%
Pantyffynnon Wales
98%
Cwmystwyth Wales
98%
Ynysybwl Wales
98%
Kirkjubaejarklaustur Iceland
95%
Hveragerdi Iceland
95%
Akureyri Iceland
95%
Casnewydd Wales
95%
Bwlchgwyn Wales
95%
Eglwyswrw Wales
95%
Llanfairpwllgwyngyllgogerychwyrndrobwllllantysiliogogogoch Wales
95%
Caerfyrddin Wales
93%
Hvammstangi Iceland
90%
Vatnsleysustrandarhreppur Iceland
88%
Egilsstadir Iceland
85%
Ystradgynlais Wales
85%
Troedrhiwfuwch Wales
80%
Borgarnes Iceland
76%
No matching quizzes found
Score Distribution
Percent of People with Each Score
Percentile by Number Answered
Your Score History
You have not taken this quiz